British Colonies Flags - Statistics

General Stats
  • This quiz has been taken 30 times
  • The average score is 46 of 60
Answer Stats
Picture Answer % Correct
Canada
96%
United States
96%
New Zealand
91%
Australia
87%
Cyprus
87%
India
87%
Iraq
87%
Ireland
87%
Jamaica
87%
Kenya
87%
Singapore
87%
Sri Lanka
87%
Bahrain
83%
Israel
83%
Jordan
83%
Malta
83%
Pakistan
83%
Qatar
83%
Saint Lucia
83%
Saint Vincent and the Grenadines
83%
South Africa
83%
Uganda
83%
United Arab Emirates
83%
Barbados
78%
Egypt
78%
Kiribati
78%
Maldives
78%
Nigeria
78%
Papua New Guinea
78%
Tonga
78%
Trinidad and Tobago
78%
Yemen
78%
Bahamas
74%
Brunei
74%
Dominica
74%
Fiji
74%
Ghana
74%
Grenada
74%
Malawi
74%
Malaysia
74%
Nauru
74%
Saint Kitts and Nevis
74%
Tuvalu
74%
Antigua and Barbuda
70%
Belize
70%
Eswatini
70%
Guyana
70%
Lesotho
70%
Myanmar
70%
Seychelles
70%
Solomon Islands
70%
Sudan
70%
Zambia
70%
Zimbabwe
70%
Botswana
65%
Kuwait
65%
Tanzania
65%
Vanuatu
65%
Sierra Leone
61%
Gambia
57%
No matching quizzes found
Score Distribution
Percent of People with Each Score
Percentile by Number Answered
Your Score History
You have not taken this quiz